| 000 | 01705nam a2200373Ia 4500 | ||
|---|---|---|---|
| 001 | ebr10086825 | ||
| 003 | CaPaEBR | ||
| 006 | m u | ||
| 007 | cr cn||||||||| | ||
| 008 | 901116s1991 nyu sb 101 0 eng d | ||
| 010 | _z 90014341 | ||
| 020 | _z0195064372 (alk. paper) | ||
| 040 |
_aCaPaEBR _cCaPaEBR |
||
| 035 | _a(OCoLC)228118386 | ||
| 050 | 1 | 4 |
_aHN90.V5 _bV547 1991eb |
| 082 | 0 | 4 |
_a303.6/0973 _220 |
| 245 | 0 | 0 |
_aViolence in America _h[electronic resource] : _ba public health approach / _cedited by Mark L. Rosenberg, Mary Ann Fenley. |
| 260 |
_aNew York : _bOxford University Press, _c1991. |
||
| 300 | _axvi, 199 p. | ||
| 500 | _aConsists of the revised papers from the Surgeon General's Workshop on Violence and Public Health, held Oct. 27-29, 1985 Leesburg, Va. | ||
| 504 | _aIncludes bibliographical references and index. | ||
| 533 |
_aElectronic reproduction. _bPalo Alto, Calif. : _cebrary, _d2009. _nAvailable via World Wide Web. _nAccess may be limited to ebrary affiliated libraries. |
||
| 650 | 0 |
_aViolence _zUnited States _vCongresses. |
|
| 650 | 0 |
_aFamily violence _zUnited States _vCongresses. |
|
| 650 | 0 |
_aCrime prevention _zUnited States _vCongresses. |
|
| 650 | 0 |
_aPublic health _zUnited States _vCongresses. |
|
| 650 | 0 |
_aVictims of crimes _xMedical care _zUnited States _vCongresses. |
|
| 655 | 7 |
_aElectronic books. _2local |
|
| 700 | 1 |
_aRosenberg, Mark L., _d1950- |
|
| 700 | 1 | _aFenley, Mary Ann. | |
| 710 | 2 | _aebrary, Inc. | |
| 711 | 2 |
_aSurgeon General's Workshop on Violence and Public Health _d(1985 : _cLeesburg, Va.) |
|
| 856 | 4 | 0 |
_uhttp://site.ebrary.com/lib/rucke/Doc?id=10086825 _zAn electronic book accessible through the World Wide Web; click to view |
| 999 |
_c51034 _d51034 |
||